000 00497nam a2200181 a 4500
001 2827
005 20140414131955.0
008 051021s19uu xx 00 eng d
020 _a0-15-325199-9
050 _aTR 372.7
_bMa42 G1
245 _aHarcourt math: California planning and pacing guide.
250 _aCalifornia ed.
260 _aOrlando :
_bHarcourt .
300 _a xix, 207 p. ; cm.
440 _aHarcourt Math.
650 _aMathematics
_xJuvenile literature.
999 _c112885
_d112885